Quizzes
Events
Quiz Creation
Community
Videos
Private Events
Remove Ads
Sign In
Join for FREE
Feedback
Dark Mode
Quiz Categories
Sports
Geography
Music
Movies
Television
Just For Fun
Miscellaneous
History
Literature
Language
Science
Gaming
Entertainment
Religion
Holiday
For Kids
Quiz Lab
Recent
Popular Today
Quiz Kudos Today
Editor Picks
Curator Picks
Quizzes by...
Day
Popularity
Type
Ratings
Length
Year
Community
Subscriptions
Recent Discussions
Orange Saloon
Badges
Playlists
Quests
Create
Leaderboards
Showdown
Live 5
Trivia Bingo
Activity
Puzzle Library
Sporcle Events
Private Events
Virtual Trivia
Globe League
Become a Host
Pub Owners
SporcleCon
Opinionation
Our Games
Videos
Blog
Mobile Apps
Partnerships
Remove Ads and Go Orange
Feedback
Television
TV Characters
TV Show
Sitcom
Network
Friends
Reality Shows
Cast
South Park
Star Trek
The Simpsons
Doctor Who
Television
TV Characters
TV Show
Sitcom
Network
Friends
Reality Shows
Cast
South Park
Star Trek
The Simpsons
Doctor Who
Random Quiz
Search Sporcle
×
Quiz Lab
Quiz Lab
Television
Winner
Type in answers that appear in a list
Type in answers that appear in a list
Classic
Best Score? Go Orange.
Big Brother Veto (U.S.) Stats
Can you name the Big Brother Veto Winners In Order?
By
seanchristian
11m
102 Questions
297 Plays
297 Plays
297 Plays
Comments
Comments
Give Quiz Kudos
Give Quiz Kudos
-
- Ratings
hide this ad
Forced Order
Answers have to be entered in order
Answers have to be entered in order
Replay
Link that replays current quiz
Next Quiz
Link to next quiz in quiz playlist
You Got
0%
They Got
Avg Score
59%
Avg Friend Score
Upgrade to see
Score Distribution
Jump to the score distribution portion of the page
Score
0/102
Timer
11:00
0
Plays Today
Season
Winner
% Correct
BB-
Allstars
Janelle
79.1%
BB-
Allstars
Janelle
73.7%
BB-
Allstars
Janelle
73.1%
BB-
Allstars
Janelle
72.1%
BB-
Allstars
George
71.7%
BB-
Allstars
Janelle
71.7%
BB-
Allstars
Mike
70.4%
BB3
Gerry
70%
BB-
Allstars
Erika
70%
BB-
Allstars
Erika
70%
BB6
James
68.4%
BB-
Allstars
James
68.4%
BB8
Daniele
68.4%
BB6
James
68%
BB6
James
68%
BB-
Allstars
Danielle
68%
BB6
Janelle
67.7%
BB8
Daniele
67.7%
BB6
Ivette
67.3%
BB6
Janelle
67%
BB8
Dick
66.3%
BB12
Brendon
66.3%
BB8
Daniele
65.7%
BB8
Daniele
65.7%
BB8
Daniele
64.6%
BB6
James
64.3%
BB6
Maggie
64.3%
BB8
Jen
64.3%
BB12
Britney
64%
BB12
Brendon
63.6%
BB6
Sarah
63.3%
BB8
Jen
63.3%
BB8
Zach
63.3%
BB8
Eric
62.6%
Season
Winner
% Correct
BB12
Britney
62.6%
BB3
Marcellas
62%
BB12
Hayden
61.6%
BB6
Rachel
61.3%
BB6
April
61.3%
BB12
Britney
61.3%
BB12
Enzo
61.3%
BB3
Danielle
60.6%
BB8
Jameka
60.6%
BB12
Brendon
60.6%
BB5
Michael
60.3%
BB12
Ragan
60.3%
BB6
Rachel
59.9%
BB12
Ragan
59.9%
BB5
Drew
59.3%
BB5
Diane
59.3%
BB10
Jessie
59.3%
BB11
Russell
59.3%
BB5
Jase
58.9%
BB5
Diane
58.6%
BB5
Jase
57.9%
BB5
Scott
57.6%
BB11
Kevin
57.6%
BB10
Memphis
57.2%
BB11
Jeff
57.2%
BB11
Michele
57.2%
BB4
Alison
56.9%
BB5
Nakomis
56.9%
BB10
Keesha
56.9%
BB10
Memphis
56.9%
BB10
Michelle
56.6%
BB10
Dan
56.6%
BB5
Adria
56.2%
BB11
Michele
56.2%
Season
Winner
% Correct
BB10
Jerry
55.9%
BB10
Dan
55.9%
BB3
Amy
55.6%
BB11
Kevin
55.6%
BB10
Jerry
55.2%
BB11
Jeff
55.2%
BB10
Memphis
54.9%
BB11
Michele
54.9%
BB11
Jordan
54.9%
BB3
Lisa
53.9%
BB3
Jason
53.9%
BB5
Adria
53.9%
BB4
Alison
53.5%
BB3
Chiara
53.2%
BB5
Karen
52.9%
BB4
Jee
52.5%
BB4
Jun
52.2%
BB4
Dana
51.9%
BB3
Eric
51.5%
BB4
Nathan
51.5%
BB3
Gerry
50.8%
BB4
David
49.2%
BB4
Robert
49.2%
BB4
Robert
49.2%
BB9
Matt
48.8%
BB9
Ryan
48.5%
BB9
Ryan
48.1%
BB9
Adam
47.8%
BB9
James
46.8%
BB9
James
46.8%
BB9
James
46.8%
BB9
Sharon
45.5%
BB9
Matt
43.4%
BB9
Chelsia
42.1%
Quiz Playlist
Details
Report
Send in Message
Add To Playlist
Classic:
Type in answers that appear in a list
Forced Order:
Answers have to be entered in order
Last Updated: Feb 16, 2017
Quiz Scoreboard
CHALLENGE
Sign Up to Join the Scoreboard
Show All
Scores
Hide
Comments
May contain spoilers
Recently Published
College Basketball Coaching Resumes
by pancakes188
Sports
9m
Billboard Blitz: Fleetwood Mac
by CooCooCachoo
Music
15s
Presidents Visiting Landmarks
by Hejman
History
7m
More to Explore
Quiz From the Vault
Featured Blog Post
Where Did the Easter Bunny Come From?
hide this ad
You Might Also Like...
Tags
Big Brother
Brother
In Order
Order
season
Winner
Today's Top Quizzes in Television
Browse Television
hide this ad
Today's Top Quizzes in Winner
Browse Winner
Top Contributed Quizzes in Television
1
5-to-1: The Simpsons Families
2
5-to-1: Television Doctors
3
7-to-1: TV Show Settings
4
5-to-1: Streaming Originals
5
One Piece Logic Puzzle
6
Survivor Seasons
7
Survivor Logic Puzzle: Heroes vs. Villains
8
All US Survivor Seasons in Order
9
TV Shows by First Names
10
Survivor Season by Logo
Explore More
Trending Topics
Anime
Disney
Kpop
Crossword
NBA
Marvel
Harry Potter
Puzzle
Song
WWE
Pokémon
NFL
Soccer
Country
The Office
hide this ad
More By:
seanchristian
Quiz
Plays
Rating
Category
Featured
Created
Big Brother Veto (U.S.)
297
3.00
Television
Sep 5, 2010
Go to Creator's Profile
Score Distribution
Quiz Creator Spotlight
seanchristian
Follow
Send a Message
Quizzes Created
-
Created Quiz Play Count
-
More By This Creator
Popular Quizzes Today
1
Find the US States - No Outlines Minefield
2
Find the Countries of Europe - No Outlines Minefield
3
The Countries of the World
4
Find the US States
5
Risky Map Clicking: Biggest States A-Z
6
US States
7
Popular People in 1961
8
Movies - When Are They Set?
More Television Quizzes
Working TV Moms
Editor's Pick
Trending Quizzes
Risky Map Clicking: Least Populous States A-Z
1-10 Letter G Words
1-10 Letter F Words
Risky Map Clicking: Next State Alphabetically
Risky Map Clicking: Biggest States A-Z
Recently Updated
Leaping Animals
pecheneg
Reality TV Shows (A-Z)
bhenderson79
Rickey Henderson's Hall of Fame Teammates
pecheneg
Champions League XIs: Arsenal
pecheneg
Quick Pick: Celebrities in WWE's Hall of Fame
aduchscher
A-Z Keypad Blitz II
pecheneg
Multiple Oscar Actors
pecheneg
Mystery Phrase Blitz: Oscar 'Best Actors'
pecheneg
F. Scott Fitzgerald Novels
LTH
Pick 3 Villains
ddd62291
Trending Topics
Harry Potter
Anime
Kpop
NBA
Marvel
Crossword
Disney
Puzzle
Soccer
Song
NFL
WWE
Country
The Office
Pokémon
Your Account Isn't Verified!
In order to create a playlist on Sporcle, you need to verify the email address you used during registration. Go to your
Sporcle Settings
to finish the process.
Report this User
Report this user for behavior that violates our
Community Guidelines
.
Details:
Send Report
Go to the Sporcle.com Mobile Site →
Comments